Science Quiz

Random Science or Biology Quiz

Phases of Mitosis Quiz Stats

 Plays Quiz Updated Feb 13, 2020

     
Support Sporcle.
Go Orange.
Score 0/5 Timer 01:00
2 Plays Today
Description Phase % Correct
Chromosomes begin aligningMetaphase
89.3%
Chromosomes splitAnaphase
89.3%
Chromatin condenses into chromosomesProphase
86.4%
New nuclear membranes formTelophase
79.6%
Preparation for cell divisionInterphase
74.6%

From the Vault

Number Grid VII

by Purple_Parrot

Numbers and grids? This is less like math than it sounds.
Remove Ads.
Support Sporcle.
Get the best of Sporcle when you Go Orange. This ad-free experience offers more features, more stats, and more fun while also helping to support Sporcle. Thank you for becoming a member.

Show Comments

Extras

Top Quizzes Today


Score Distribution

Your Account Isn't Verified!

In order to create a playlist on Sporcle, you need to verify the email address you used during registration. Go to your Sporcle Settings to finish the process.

Report this User

Report this user for behavior that violates our Community Guidelines.

Details: